000 01049nam a22003377a 4500
001 BR0204279
003 BR-BrBNA
005 20230928101136.0
007 ta
008 230509b bl.||||| |||| 00| 0 por d
040 _aBR-BrBNA
_bpor
_cBiblioteca Nacional de Agricultura
041 _a(Por)
072 _aP33; F06
_b1821
090 _ 1821 BR0204279
100 1 _aSantos, D.S. dos
110 1 _aUniversidade Federal de Lavras, MG (Brasil)
_0Tese (Mestrado)
245 1 _aEfeitos da tensão de água no solo, na cultura do pepino (Cucumis sativus L.), utilizando sistema de irrigação automatizado
260 3 _aLavras, MG (Brasil):
_c2002.
300 _a60 p.
500 _aSummaries (Eng, Por); 37 ref.; 11 illus.; 20 tables
650 _aPEPINO
650 _aÁGUA DO SOLO
650 _aIRRIGAÇÃO
650 _aABSORÇÃO DE NUTRIENTES
650 _aRELAÇÃO ÁGUA-PLANTA
650 _aTENSIÔMETRO
650 _aAUTOMAÇÃO
650 _aMÉTODO ESTATÍSTICO
909 _a202309
_bLucia
_c55
_dLucia Elande
942 _cBK
999 _c64443
_d64443